zpět

Detail výsledku týmu

Klub na Rampě, Jablonec nad Nisou

Datum a čas kvízu

38 Celkem bodů Celkový počet nahraných bodů na tomto kvízu bez doplňovacích otázek.
4. Pořadí na kvízu Konečné umístění týmu na tomto kvízu.

Zaznamenané odpovědi

# Otázka Odpověď Body Výsledky
1. Poblíž které jihočeské obce by... Lety 1
2. Radní jednoho evropského města... Benátky 1
3. Fanoušci seriálu Simpsonovi sm... Larry 1
4. Minulý týden jsme se dozvěděli... Datart 1
5. V dohrávce 29. kola fotbalové... Arsenal, 5:0 0
6. Sugo all'amatriciana patří mez... guanciale; pecorino 1
7. Napište zakrytou značku zobraz... Kikkoman 1
8. Když se řekne omáčka, určitě s... 15 1
9. Město Worcester dalo jméno jed... C; ločidlo 0.5
10. Jak se označuje tato omáčka (z... holandská omáčka; vejce Benedikt 1